Plantas nativas de los ecosistemas del Azuay : un acercamiento conceptual al Jardín Botánico de Cuenca - Ecuador /

Detalles Bibliográficos
Autor principal: Minga Ochoa, Danilo (Autor)
Formato: Electrónico eBook
Lenguaje:español
Publicado: Cuenca, Ecuador : Universidad del Azuay, Casa Editora, [2021]
Colección:Natura (Universidad del Azuay, Casa Editora)
Materias:
Acceso en línea:Digitalia Hispánica

MARC

LEADER 00000nam a2200000 i 4500
001 DIGUAZUAY0119
003 NyNyDIG
007 cr |||||||||||
008 251203s2021 ec abo ob 000 0 spa d
006 m o d
035 |a (OCoLC)1438853542 
040 |a DGITA  |b eng  |e rda  |e pn  |c DGITA 
020 |a 9789942847362  |q eBook 
020 |z 9789942847355 
043 |a s-ec--- 
050 1 4 |a QK266 ebook 
100 1 |a Minga Ochoa, Danilo,  |e author. 
245 1 0 |a Plantas nativas de los ecosistemas del Azuay :  |b un acercamiento conceptual al Jardín Botánico de Cuenca - Ecuador /  |c Danilo Minga Ochoa [and 3 others]. 
264 1 |a Cuenca, Ecuador :  |b Universidad del Azuay, Casa Editora,  |c [2021] 
300 |a 1 online resource :  |b illustrations, photographs, maps. 
336 |a text  |b txt  |2 rdacontent 
337 |a computer  |b c  |2 rdamedia 
338 |a online resource  |b cr  |2 rdacarrier 
347 |a text file  |2 rdaft 
347 |b PDF 
490 1 |a Natura  
504 |a Includes bibliographical references. 
588 0 |a Online resource; title from PDF title page (Digitalia, viewed December 3, 2025) 
650 0 |a Plants  |z Ecuador  |z Azuay. 
791 2 |a Digitalia (Firm),  |e distributor. 
793 0 |g Digitalia eBook Collection:  |a Universidad del Azuay 
776 0 8 |i Print version:  |a Minga Ochoa, Danilo.  |t Plantas nativas de los ecosistemas del Azuay.  |d Cuenca, Ecuador : Universidad del Azuay, Casa Editora, [2021]  |z 9789942847355 
830 0 |a Natura (Universidad del Azuay, Casa Editora) 
856 4 0 |3 Digitalia Hispánica  |u https://www.digitaliapublishing.com/a/133503/ 
910 |a Premium collection: 2025